[Event "32.Schlosspark-Open"]
[Site "Wiesbaden-Biebrich"]
[Date "2024.08.22"]
[Round "1.55"]
[White "Spiegel, Nina"]
[Black "Hauptmann, Thomas"]
[Result "1-0"]
[WhiteElo "1685"]
[BlackElo "1984"]
[PlyCount "53"]
[EventDate "2024.08.22"]
[WhiteTeam "Sfr Stiller Zug Wiesbaden"]
[BlackTeam "Fischer Z"]

1. c4 Nf6 2. Nc3 e5 3. g3 Nc6 4. Bg2 Be7 5. Nf3 O-O 6. O-O d6 7. d3 h6 8. a3 a5 9. h3 Be6 10. Be3 d5 11. cxd5 Nxd5 12. Nxd5 Bxd5 13. Rc1 Bf6 14. Qa4 Re8 15. Rfd1 Nd4 16. Bxd4 exd4 17. Qc2 c6 18. h4 a4 19. Qd2 Qb6 20. Re1 Ra5 21. Nh2 Bxg2 22. Kxg2 Rb5 23. Rc2 Rc5 24. Rec1 Ra5 25. Ng4 Qd8 26. Nxf6+ Qxf6 27. Qxa5 1-0

[Event "32.Schlosspark-Open"]
[Site "Wiesbaden-Biebrich"]
[Date "2024.08.22"]
[Round "1.56"]
[White "Mandalka, Justus"]
[Black "Busch, Günther"]
[Result "1-0"]
[WhiteElo "1981"]
[BlackElo "1679"]
[PlyCount "75"]
[EventDate "2024.08.22"]
[WhiteTeam "SK Bad Homburg 1927"]
[BlackTeam "Sfr Stiller Zug Wiesbaden"]

1. e4 d6 2. d4 g6 3. Nf3 Bg7 4. Bd3 a6 5. O-O e6 6. Re1 Nd7 7. Bg5 Ne7 8. e5 d5 9. Nbd2 h6 10. Bxe7 Qxe7 11. c4 c6 12. Qc2 O-O 13. Re3 Rd8 14. c5 Nf8 15. a4 Bd7 16. a5 Be8 17. Rae1 g5 18. h3 Ng6 19. g3 Nf8 20. b4 Ng6 21. Nb3 Rdc8 22. Nh2 Nf8 23. Kh1 Bd7 24. Rf3 Be8 25. Rfe3 Ng6 26. Rf1 Bd7 27. f4 gxf4 28. gxf4 Nh4 29. Rg1 Kh8 30. Reg3 f6 31. Rxg7 Qxg7 32. Rxg7 Kxg7 33. exf6+ Kf7 34. Ng4 Rc7 35. Qf2 Nf5 36. Bxf5 exf5 37. Ne5+ Ke6 38. f7 1-0

[Event "32.Schlosspark-Open"]
[Site "Wiesbaden-Biebrich"]
[Date "2024.08.22"]
[Round "1.57"]
[White "Kail, Thomas"]
[Black "Müller, Riyanna"]
[Result "0-1"]
[WhiteElo "1679"]
[BlackElo "1981"]
[PlyCount "66"]
[EventDate "2024.08.22"]
[WhiteTeam "SK 1925 Großwallstadt"]
[BlackTeam "SC Landskrone"]

1. d4 d5 2. Bf4 Nf6 3. Nf3 c5 4. e3 Nc6 5. c3 Qb6 6. Qb3 c4 7. Qxb6 axb6 8. a3 b5 9. Ne5 e6 10. Nxc6 bxc6 11. Be2 b4 12. f3 Be7 13. O-O Ra7 14. g4 O-O 15. Kf2 Bd7 16. h4 Rfa8 17. g5 Ne8 18. e4 bxa3 19. bxa3 Nd6 20. Bxd6 Bxd6 21. exd5 cxd5 22. Ke3 Kf8 23. f4 Rb8 24. Bg4 Rb2 25. f5 exf5 26. Bxf5 Bxf5 27. Rxf5 Re7+ 28. Kf3 Re1 29. Rxd5 Ke7 30. a4 Rexb1 31. Rxb1 Rxb1 32. a5 Ke6 33. Rxd6+ Kxd6 0-1

[Event "32.Schlosspark-Open"]
[Site "Wiesbaden-Biebrich"]
[Date "2024.08.22"]
[Round "1.58"]
[White "Müller, Maximilian"]
[Black "Held, Gerd"]
[Result "1-0"]
[WhiteElo "1957"]
[BlackElo "1674"]
[PlyCount "91"]
[EventDate "2024.08.22"]
[WhiteTeam "SC 1928 Eppelborn"]
[BlackTeam "SC Groß-Zimmern"]

1. e4 g6 2. d4 Bg7 3. c3 d6 4. Bd3 e5 5. d5 c6 6. dxc6 Nxc6 7. Ne2 Nf6 8. O-O O-O 9. Bg5 a6 10. Qd2 b5 11. a4 Na5 12. Qc2 Be6 13. axb5 axb5 14. Bxb5 Nb3 15. Rxa8 Qxa8 16. Ng3 Rc8 17. Qe2 Rb8 18. Na3 h6 19. Bxf6 Bxf6 20. Rd1 Be7 21. Bc4 Nc5 22. Bxe6 Nxe6 23. Nc4 Nf4 24. Qc2 Qc6 25. Ne3 Kh7 26. b4 h5 27. Qb3 Ne6 28. Nd5 Bg5 29. Ra1 Kg7 30. Ra7 Rb7 31. Rxb7 Qxb7 32. b5 Nc5 33. Qb4 h4 34. Nf1 f5 35. Qa5 fxe4 36. c4 Nd7 37. b6 Bd8 38. Qa7 Nc5 39. Nd2 Bxb6 40. Qxb7+ Nxb7 41. Nxb6 e3 42. fxe3 Kf7 43. Ne4 Ke6 44. Kf2 Kf5 45. Kf3 g5 46. h3 1-0

[Event "32.Schlosspark-Open"]
[Site "Wiesbaden-Biebrich"]
[Date "2024.08.22"]
[Round "1.59"]
[White "Joshi, Kanad"]
[Black "Martin, Reiner"]
[Result "1-0"]
[WhiteElo "1672"]
[BlackElo "1974"]
[PlyCount "67"]
[EventDate "2024.08.22"]
[WhiteTeam "SV Oberursel"]
[BlackTeam "SC Bad Soden"]

1. e4 c5 2. Nf3 e6 3. d3 Nc6 4. g3 d5 5. Qe2 Nf6 6. Bg2 Be7 7. O-O O-O 8. Re1 Re8 9. Nbd2 Qc7 10. c3 b5 11. e5 Nd7 12. Nf1 a5 13. h4 Ba6 14. Bf4 Bf8 15. h5 Qb6 16. h6 g6 17. N1h2 Rac8 18. Ng5 Bxh6 19. Qg4 Bg7 20. Nhf3 b4 21. Rad1 bxc3 22. bxc3 Qb2 23. Nxf7 Kxf7 24. Ng5+ Kg8 25. Bxd5 Nf8 26. Nxe6 Ne7 27. Nxg7+ Kxg7 28. Bh6+ Kh8 29. Bf7 Nf5 30. Qg5 Nd7 31. e6 Qxc3 32. Bxe8 Rxe8 33. Rc1 Qd4 34. exd7 1-0

[Event "32.Schlosspark-Open"]
[Site "Wiesbaden-Biebrich"]
[Date "2024.08.22"]
[Round "1.60"]
[White "Calvi, Stefan"]
[Black "Thangavelu, Kanagaraj"]
[Result "1-0"]
[WhiteElo "1973"]
[BlackElo "1670"]
[PlyCount "69"]
[EventDate "2024.08.22"]
[WhiteTeam "SV Oberursel"]
[BlackTeam "TSV Schott Mainz"]

1. e4 e5 2. Nf3 Nc6 3. d4 d6 4. Bc4 h6 5. dxe5 Bg4 6. Nc3 Nxe5 7. Nxe5 Be6 8. Bxe6 dxe5 9. Qxd8+ Rxd8 10. Bb3 Bb4 11. Bd2 c6 12. O-O-O Bd6 13. f3 Nf6 14. g4 Nh7 15. h4 g6 16. Bxh6 Kd7 17. Bxf7 Nf8 18. Bg5 Rb8 19. Bf6 Rh6 20. Bxe5 g5 21. Bxd6 Rxd6 22. hxg5 Rxd1+ 23. Nxd1 Ne6 24. Bxe6+ Kxe6 25. f4 b5 26. Rh6+ Kf7 27. Rxc6 a5 28. f5 a4 29. g6+ Kg7 30. g5 b4 31. Rc7+ Kg8 32. f6 b3 33. axb3 a3 34. Rg7+ Kf8 35. Rh7 1-0

[Event "32.Schlosspark-Open"]
[Site "Wiesbaden-Biebrich"]
[Date "2024.08.22"]
[Round "1.61"]
[White "Kaiser, Danny"]
[Black "Fleckenstein, Lukas"]
[Result "0-1"]
[WhiteElo "1669"]
[BlackElo "1968"]
[PlyCount "88"]
[EventDate "2024.08.22"]
[WhiteTeam "SC Bad Nauheim"]
[BlackTeam "SK Niederbrechen 1948"]

1. d4 d5 2. c4 c6 3. Nc3 Nf6 4. Nf3 dxc4 5. Bg5 h6 6. Bh4 g5 7. Bg3 Bg7 8. e3 Be6 9. Nd2 Nbd7 10. Bxc4 Bxc4 11. Nxc4 Nb6 12. Ne5 e6 13. O-O O-O 14. Rc1 Qe7 15. a3 Rfd8 16. Qf3 Rac8 17. Rfd1 Nfd5 18. h3 Qf6 19. Qxf6 Bxf6 20. e4 Nxc3 21. Rxc3 c5 22. Rcd3 cxd4 23. Rxd4 Rxd4 24. Rxd4 Rc1+ 25. Kh2 Rc2 26. Rb4 h5 27. Nd3 Rd2 28. Rb3 Nc4 29. e5 Bg7 30. f3 b6 31. Kg1 Ne3 32. Nf2 Re2 33. Ne4 Rxg2+ 34. Kh1 Re2 35. Nxg5 Nf5 36. Ne4 Nxg3+ 37. Nxg3 Re1+ 38. Kg2 h4 39. Kf2 Rb1 40. Ne2 Bxe5 41. Nc3 Rh1 42. Nb5 a6 43. Nc3 Rxh3 44. Rxb6 Bd4+ 0-1

[Event "32.Schlosspark-Open"]
[Site "Wiesbaden-Biebrich"]
[Date "2024.08.22"]
[Round "1.62"]
[White "Tremöhlen, Thomas"]
[Black "Leichum, Engelbert"]
[Result "1-0"]
[WhiteElo "1958"]
[BlackElo "1668"]
[PlyCount "73"]
[EventDate "2024.08.22"]
[WhiteTeam "Sportgemeinschaft Kaarst 1912/35"]
[BlackTeam "Frankfurt"]

1. d4 Nf6 2. Nf3 d6 3. Nc3 c6 4. e4 Bg4 5. Bc4 Nbd7 6. O-O e5 7. Be3 b5 8. Bd3 b4 9. Ne2 Bxf3 10. gxf3 Be7 11. Ng3 exd4 12. Bxd4 c5 13. Be3 Ne5 14. Bb5+ Kf8 15. f4 Neg4 16. Bd2 h5 17. Qe2 h4 18. Nf5 g6 19. Ne3 Nxe3 20. Qxe3 d5 21. e5 Ne4 22. Be1 c4 23. Rd1 Bc5 24. Qf3 g5 25. Bc6 g4 26. Qe2 Ng3 27. hxg3 hxg3 28. Qxg4 gxf2+ 29. Bxf2 Bxf2+ 30. Kxf2 Qb6+ 31. Ke1 Rh4 32. Qg3 Rc8 33. Bxd5 b3 34. axb3 cxb3 35. Qxb3 Qa5+ 36. c3 Rd8 37. Qa3+ 1-0

[Event "32.Schlosspark-Open"]
[Site "Wiesbaden-Biebrich"]
[Date "2024.08.22"]
[Round "1.63"]
[White "Gärtner, David"]
[Black "Muller-Moingt, Bastien"]
[Result "1-0"]
[WhiteElo "1661"]
[BlackElo "1957"]
[PlyCount "53"]
[EventDate "2024.08.22"]
[WhiteTeam "Sfr.Mainz 1928"]
[BlackTeam "OSG Baden-Baden"]

1. d4 e6 2. c4 Nf6 3. Nf3 Bb4+ 4. Bd2 Qe7 5. a3 Bxd2+ 6. Qxd2 O-O 7. Nc3 d6 8. e3 e5 9. Qc2 Bg4 10. Be2 a5 11. O-O Na6 12. Ng5 Bxe2 13. Nd5 Kh8 14. Nxe7 Bxf1 15. Nd5 g6 16. Nxf6 h6 17. Nf3 Kg7 18. Nd5 e4 19. Ne1 Bd3 20. Nxd3 exd3 21. Qxd3 c6 22. Nc3 Nc7 23. e4 Rfe8 24. Re1 Rad8 25. d5 Na6 26. Na4 cxd5 27. Qxd5 1-0

[Event "32.Schlosspark-Open"]
[Site "Wiesbaden-Biebrich"]
[Date "2024.08.22"]
[Round "1.64"]
[White "Rutsatz, Mario"]
[Black "Wöhl, Torsten"]
[Result "1-0"]
[WhiteElo "1957"]
[BlackElo "1657"]
[PlyCount "73"]
[EventDate "2024.08.22"]
[WhiteTeam "SC 1961 König Nied"]
[BlackTeam "SC Groß-Zimmern"]

1. Nf3 e6 2. c4 Nf6 3. g3 Nc6 4. Bg2 d5 5. d4 Bb4+ 6. Bd2 Bxd2+ 7. Nbxd2 O-O 8. O-O dxc4 9. Nxc4 Bd7 10. Rc1 Nd5 11. a3 Nce7 12. e4 Nb6 13. Na5 Bb5 14. Re1 Ba6 15. Qc2 c6 16. b4 Rc8 17. Qc5 Rc7 18. h4 Nbc8 19. Qh5 Ng6 20. Ng5 h6 21. Nxe6 fxe6 22. Qxg6 Qf6 23. Qxf6 Rxf6 24. Nb3 Rcf7 25. f3 Rf8 26. Nc5 Ne7 27. Nxa6 bxa6 28. Rc5 Rd8 29. Rd1 Rff8 30. Kf2 Rd6 31. Ke3 Ng6 32. h5 Ne7 33. Bf1 Rfd8 34. Bxa6 Rb8 35. f4 Rb6 36. Bc4 Kh8 37. Re5 1-0

[Event "32.Schlosspark-Open"]
[Site "Wiesbaden-Biebrich"]
[Date "2024.08.22"]
[Round "1.65"]
[White "Felten, Pascal"]
[Black "Förster, Jürgen"]
[Result "0-1"]
[WhiteElo "1649"]
[BlackElo "1956"]
[PlyCount "66"]
[EventDate "2024.08.22"]
[WhiteTeam "Bochum"]
[BlackTeam "SVG Eppstein 1932"]

1. e4 c6 2. d4 d5 3. e5 Bf5 4. c4 e6 5. Nc3 f6 6. Nf3 Nd7 7. Bf4 Qb6 8. Qb3 fxe5 9. Qxb6 axb6 10. Nxe5 Nxe5 11. Bxe5 Nf6 12. Rc1 Bb4 13. a3 Be7 14. cxd5 exd5 15. Be2 O-O 16. O-O b5 17. Rfe1 b4 18. axb4 Bxb4 19. Bf3 Ne4 20. Re3 Nd2 21. Be2 Nb3 22. Rg3 g6 23. Rd1 Bc2 24. Rf1 Ra1 25. Bd3 Rxf1+ 26. Kxf1 Bxd3+ 27. Rxd3 Na5 28. Na4 Re8 29. Re3 b5 30. Nb6 Nc4 31. Nxc4 bxc4 32. Bf4 Ra8 33. Re6 Ra1+ 0-1

[Event "32.Schlosspark-Open"]
[Site "Wiesbaden-Biebrich"]
[Date "2024.08.22"]
[Round "1.66"]
[White "Bremer, Vincent"]
[Black "Wernicke, Dieter"]
[Result "1-0"]
[WhiteElo "1955"]
[BlackElo "1641"]
[PlyCount "67"]
[EventDate "2024.08.22"]
[WhiteTeam "TSG 1846 Bretzenheim/ZMO"]
[BlackTeam "SV Mainspitze Ginsheim"]

1. e4 e5 2. d4 exd4 3. c3 d6 4. cxd4 Nf6 5. Nc3 Be7 6. Bc4 Nc6 7. Nge2 O-O 8. O-O Na5 9. Bd3 c5 10. d5 a6 11. a4 Bd7 12. h3 Rb8 13. Bf4 Qc7 14. Ng3 b5 15. axb5 axb5 16. Re1 b4 17. Nb1 c4 18. Bf1 Nb3 19. Ra2 Ra8 20. Rxa8 Rxa8 21. e5 dxe5 22. Bxe5 Bd6 23. Bxd6 Qxd6 24. Bxc4 Nc5 25. Nd2 Na4 26. Nde4 Nxe4 27. Nxe4 Qe5 28. Nc5 Qc7 29. Nxd7 Qxd7 30. Qd4 Qd6 31. Ra1 Qb6 32. Qf4 Ra7 33. d6 Nc5 34. Qxf7+ 1-0

[Event "32.Schlosspark-Open"]
[Site "Wiesbaden-Biebrich"]
[Date "2024.08.22"]
[Round "1.67"]
[White "Vick, Edward"]
[Black "Mayer, Frank"]
[Result "0-1"]
[WhiteElo "1640"]
[BlackElo "1954"]
[PlyCount "82"]
[EventDate "2024.08.22"]
[WhiteTeam "TuS Makkabi Wiesbaden"]
[BlackTeam "Wiesbadener SV 1885"]

1. e4 e5 2. Nf3 Nc6 3. d4 exd4 4. Bc4 Nf6 5. O-O Nxe4 6. Re1 d5 7. Bxd5 Qxd5 8. Nc3 Qa5 9. Rxe4+ Be6 10. Nxd4 O-O-O 11. Nce2 Qd5 12. Nc3 Qa5 13. Be3 Bc5 14. Qd2 Rd7 15. Nxc6 bxc6 16. Qe2 Bb4 17. Rxe6 fxe6 18. Qc4 Rhd8 19. Qxc6 Kb8 20. Qf3 Bxc3 21. bxc3 Qd5 22. Rb1+ Ka8 23. Qxd5+ Rxd5 24. Re1 Rd1 25. Kf1 R8d5 26. Bd4 Rxe1+ 27. Kxe1 e5 28. Be3 Ra5 29. Kd2 Rxa2 30. Bc5 Kb7 31. Bf8 g6 32. h4 Kc6 33. f3 Kd5 34. Kd3 Ra4 35. Bg7 Rxh4 36. Bf6 Rh2 37. g4 Rf2 38. c4+ Ke6 39. Bd8 Rxf3+ 40. Ke2 Rf4 41. Bxc7 Rxc4 0-1

[Event "32.Schlosspark-Open"]
[Site "Wiesbaden-Biebrich"]
[Date "2024.08.22"]
[Round "1.68"]
[White "Dauster, Ronald"]
[Black "Machwirth, Ernst"]
[Result "1-0"]
[WhiteElo "1950"]
[BlackElo "1638"]
[PlyCount "43"]
[EventDate "2024.08.22"]
[WhiteTeam "FT Schierstein"]
[BlackTeam "Sfr Stiller Zug Wiesbaden"]

1. e4 e5 2. Nf3 Nc6 3. Nc3 d6 4. d4 exd4 5. Nxd4 Bd7 6. g3 Nge7 7. Be3 Ne5 8. Be2 Bh3 9. f4 N5c6 10. Qd2 Bd7 11. O-O-O Qc8 12. Nd5 Nxd4 13. Bxd4 Nc6 14. Bc3 a6 15. Rhe1 Rg8 16. Bf3 f6 17. Bh5+ Kd8 18. Bf7 Be6 19. Bxg8 Bxg8 20. e5 Ne7 21. Nxc7 f5 22. Qxd6+ 1-0

[Event "32.Schlosspark-Open"]
[Site "Wiesbaden-Biebrich"]
[Date "2024.08.22"]
[Round "1.69"]
[White "Goodwin, David"]
[Black "Burkhardt, Jan"]
[Result "0-1"]
[WhiteElo "1636"]
[BlackElo "1926"]
[PlyCount "82"]
[EventDate "2024.08.22"]
[WhiteTeam "SV 1920 Kelsterbach"]
[BlackTeam "Sfr.Mainz 1928"]

1. Nf3 Nf6 2. g3 c5 3. c4 g6 4. Bg2 Bg7 5. Nc3 O-O 6. O-O Nc6 7. d3 Rb8 8. a4 d6 9. Bd2 Bd7 10. Qc1 Re8 11. Bh6 Bh8 12. h3 Qc8 13. Kh2 a6 14. Nd5 Nxd5 15. cxd5 Nb4 16. Nd2 b5 17. a5 Qb7 18. Nb1 Nxd5 19. Nc3 Bc6 20. Nxd5 Bxd5 21. e4 Bc6 22. Rb1 c4 23. Qe3 cxd3 24. Qxd3 b4 25. Be3 Bb5 26. Qd5 Qxd5 27. exd5 Bxf1 28. Bxf1 Bf6 29. Bb6 Ra8 30. b3 Rec8 31. Bc4 Bc3 32. Rd1 Rxc4 33. bxc4 Rc8 34. c5 dxc5 35. d6 exd6 36. Rxd6 b3 37. Rd1 b2 38. Rb1 Bf6 39. g4 c4 40. g5 Be5+ 41. Kg2 c3 0-1

[Event "32.Schlosspark-Open"]
[Site "Wiesbaden-Biebrich"]
[Date "2024.08.22"]
[Round "1.70"]
[White "Faulhaber, Tobias"]
[Black "Kanagaraj, Aarav"]
[Result "1-0"]
[WhiteElo "1931"]
[BlackElo "1636"]
[PlyCount "57"]
[EventDate "2024.08.22"]
[WhiteTeam "SC Schifferstadt"]
[BlackTeam "TSV Schott Mainz"]

1. e4 e5 2. Nf3 Nf6 3. Nxe5 d6 4. Nf3 Nxe4 5. Qe2 Qe7 6. d3 Nf6 7. Bg5 Qxe2+ 8. Bxe2 Be7 9. Nc3 O-O 10. O-O-O d5 11. Bxf6 Bxf6 12. Nxd5 Bd8 13. Rhe1 Be6 14. Nc3 Bf6 15. d4 Nd7 16. Ne4 Be7 17. Bd3 Rfe8 18. a3 Nf6 19. Neg5 Bd7 20. Bc4 Be6 21. Nxe6 fxe6 22. Rxe6 Kh8 23. Ne5 g6 24. Re1 Ng8 25. Nf3 Rad8 26. R6e2 Rd7 27. Be6 Rd6 28. Bxg8 Kxg8 29. Rxe7 1-0

[Event "32.Schlosspark-Open"]
[Site "Wiesbaden-Biebrich"]
[Date "2024.08.22"]
[Round "1.72"]
[White "Schmitt, Carsten"]
[Black "Bährle, Julius"]
[Result "1-0"]
[WhiteElo "1926"]
[BlackElo "1603"]
[PlyCount "61"]
[EventDate "2024.08.22"]
[WhiteTeam "SV Bergwinkel"]
[BlackTeam "Sfr Stiller Zug Wiesbaden"]

1. c4 Nf6 2. g3 g6 3. Bg2 Bg7 4. Nc3 c6 5. e4 d6 6. Nge2 O-O 7. O-O Bg4 8. f3 Qb6+ 9. d4 Be6 10. b3 Nbd7 11. Na4 Qc7 12. d5 cxd5 13. cxd5 Nxd5 14. exd5 Bxa1 15. dxe6 fxe6 16. Bh6 Bg7 17. Bxg7 Kxg7 18. Nf4 Rf6 19. Qa1 Kf7 20. Rc1 Qa5 21. Nc3 Qc5+ 22. Kh1 Qe5 23. Re1 Qd4 24. Ne4 Qxa1 25. Rxa1 Rf5 26. Bh3 Re5 27. Bxe6+ Rxe6 28. Ng5+ Kf6 29. Ngxe6 g5 30. Nd5+ Ke5 31. Re1+ 1-0

[Event "32.Schlosspark-Open"]
[Site "Wiesbaden-Biebrich"]
[Date "2024.08.22"]
[Round "1.73"]
[White "Chen, Lilly"]
[Black "Stephanblome, Felix"]
[Result "0-1"]
[WhiteElo "1603"]
[BlackElo "1925"]
[PlyCount "100"]
[EventDate "2024.08.22"]
[WhiteTeam "Sfr Stiller Zug Wiesbaden"]
[BlackTeam "SV 1934 Ffm-Griesheim"]

1. Nf3 d5 2. e3 Nf6 3. c4 e6 4. Be2 Bd6 5. O-O O-O 6. d4 dxc4 7. Bxc4 b6 8. b3 Bb7 9. Ba3 a6 10. Bxd6 Qxd6 11. h3 Rd8 12. Nc3 b5 13. Bd3 c5 14. Ne2 cxd4 15. Nexd4 e5 16. Nf5 Qxd3 17. Qxd3 Rxd3 18. Nxe5 Rd8 19. Rad1 Nbd7 20. Nd6 Nxe5 21. Nxb7 Rxd1 22. Rxd1 Kf8 23. Nc5 Ke7 24. g4 Nfd7 25. Ne4 Nf6 26. f4 Nxe4 27. fxe5 Rd8 28. Rf1 Rd3 29. Rf4 Rxe3 30. Kg2 g5 31. Rf1 Rg3+ 32. Kh2 Rc3 33. Re1 Rc2+ 34. Kg1 Nd2 35. Ra1 Nf3+ 36. Kf1 Rh2 37. a4 Rh1+ 38. Kg2 Rxa1 39. Kxf3 bxa4 40. bxa4 Rxa4 41. Kg3 Ra3+ 42. Kg2 Rb3 43. Kf2 a5 44. Ke1 Rb2 45. Kd1 a4 46. Kc1 a3 47. e6 Kxe6 48. h4 h6 49. hxg5 hxg5 50. Kd1 a2 0-1

[Event "32.Schlosspark-Open"]
[Site "Wiesbaden-Biebrich"]
[Date "2024.08.22"]
[Round "1.74"]
[White "Pauls, Wilhelm"]
[Black "Winter, Victor"]
[Result "1-0"]
[WhiteElo "1921"]
[BlackElo "1603"]
[PlyCount "61"]
[EventDate "2024.08.22"]
[WhiteTeam "Sportgemeinschaft Kaarst 1912/35"]
[BlackTeam "Rodgau"]

1. e4 e6 2. d4 d5 3. Nc3 dxe4 4. Nxe4 Nd7 5. Nf3 Ngf6 6. Nxf6+ Nxf6 7. Ne5 a6 8. Bg5 Be7 9. Qd3 Nd7 10. Bxe7 Qxe7 11. O-O-O O-O 12. h4 Qf6 13. Nf3 Rd8 14. Ng5 Nf8 15. Qe3 b5 16. Ne4 Qe7 17. h5 h6 18. Bd3 Bb7 19. f4 f5 20. Nc5 Bxg2 21. Rhg1 Bd5 22. Bxf5 Qf6 23. Bd3 Kh8 24. Rg4 Nd7 25. Ne4 Qe7 26. Rdg1 Rg8 27. Nc3 Nf6 28. Rg6 Rae8 29. Qe5 c5 30. dxc5 Qxc5 31. Rxh6+ 1-0

[Event "32.Schlosspark-Open"]
[Site "Wiesbaden-Biebrich"]
[Date "2024.08.22"]
[Round "1.75"]
[White "Will, Elina"]
[Black "Bischoff, Ulrich"]
[Result "0-1"]
[WhiteElo "1596"]
[BlackElo "1919"]
[PlyCount "58"]
[EventDate "2024.08.22"]
[WhiteTeam "TuS Makkabi Wiesbaden"]
[BlackTeam "SF Eltville"]

1. d4 d5 2. Nf3 Nf6 3. c3 e6 4. Bf4 c5 5. e3 Nc6 6. Bd3 Bd6 7. Bg3 O-O 8. h4 Bxg3 9. fxg3 Qd6 10. Ne5 Nxe5 11. dxe5 Qxe5 12. Qf3 Qc7 13. h5 e5 14. Bf5 e4 15. Qf2 Bxf5 16. Qxf5 Qxg3+ 17. Qf2 Qxf2+ 18. Kxf2 h6 19. Nd2 Rfe8 20. Nf1 Re5 21. Ng3 Kh7 22. Raf1 Rg5 23. Rh3 Re8 24. Ke2 Ree5 25. Rf2 Kg8 26. b3 Nxh5 27. Nxh5 Rxh5 28. Rxh5 Rxh5 29. a4 Kf8 0-1

[Event "32.Schlosspark-Open"]
[Site "Wiesbaden-Biebrich"]
[Date "2024.08.22"]
[Round "1.77"]
[White "Stojanoski, Stefan"]
[Black "Brechlin, Olaf"]
[Result "1-0"]
[WhiteElo "1587"]
[BlackElo "1917"]
[PlyCount "65"]
[EventDate "2024.08.22"]
[WhiteTeam "SAbt TuS Makkabi Ffm"]
[BlackTeam "FVS ASP Hoyerswerda"]

1. e4 Nc6 2. Nf3 d5 3. exd5 Qxd5 4. Nc3 Qa5 5. Bc4 Bg4 6. h3 Qh5 7. Be2 Nf6 8. d3 e6 9. Be3 O-O-O 10. Qd2 Bb4 11. O-O-O Bxf3 12. Bxf3 Qa5 13. a3 Bxc3 14. Qxc3 Qxc3 15. bxc3 Nd5 16. Bxd5 Rxd5 17. c4 Ra5 18. Kb2 e5 19. c3 Rd8 20. Kb3 f5 21. Bg5 Rd7 22. Rhe1 f4 23. Bh4 Ra6 24. c5 Ra5 25. d4 Rb5+ 26. Ka2 h6 27. f3 exd4 28. Re8+ Nd8 29. Rxd4 Rxd4 30. cxd4 g5 31. Be1 Kd7 32. Rxd8+ Kxd8 33. a4 1-0

[Event "32.Schlosspark-Open"]
[Site "Wiesbaden-Biebrich"]
[Date "2024.08.22"]
[Round "1.78"]
[White "Schöber, Sebastian"]
[Black "Milman, Sophie"]
[Result "1/2-1/2"]
[WhiteElo "1917"]
[BlackElo "1574"]
[PlyCount "32"]
[EventDate "2024.08.22"]
[WhiteTeam "Wiesbadener SV 1885"]
[BlackTeam "VSG 1880 Offenbach"]

1. d4 Nf6 2. Bf4 g6 3. e3 Bg7 4. h3 O-O 5. Nf3 d6 6. Be2 c5 7. Nbd2 cxd4 8. exd4 Nc6 9. c3 Bf5 10. O-O Re8 11. Nc4 Nd5 12. Bh2 e5 13. Ne3 Nxe3 14. fxe3 exd4 15. exd4 Re7 16. g4 Be4 1/2-1/2

[Event "32.Schlosspark-Open"]
[Site "Wiesbaden-Biebrich"]
[Date "2024.08.22"]
[Round "1.79"]
[White "Liu, Jonas"]
[Black "Stehning, Toni"]
[Result "1-0"]
[WhiteElo "1551"]
[BlackElo "1857"]
[PlyCount "79"]
[EventDate "2024.08.22"]
[WhiteTeam "SV Oberursel"]
[BlackTeam "SF Braunfels"]

1. e4 e5 2. Nf3 Nc6 3. Bc4 Nf6 4. Ng5 d5 5. exd5 b5 6. Bf1 Nxd5 7. Bxb5 Bb7 8. Nf3 a6 9. Bxc6+ Bxc6 10. Nxe5 Bb7 11. d4 Bd6 12. O-O O-O 13. c4 f6 14. Nf3 Nb4 15. c5 Bxf3 16. Qxf3 Be7 17. Qb3+ Nd5 18. Nc3 c6 19. Nxd5 cxd5 20. Bf4 g5 21. Bg3 Re8 22. Rfe1 h5 23. Bd6 Bxd6 24. Rxe8+ Qxe8 25. Qxd5+ Kg7 26. Qxd6 Qe4 27. d5 Re8 28. Rf1 h4 29. c6 g4 30. c7 h3 31. gxh3 gxh3 32. Qg3+ Kf7 33. d6 Qd5 34. Rc1 Rc8 35. Qxh3 Rg8+ 36. Qg3 Qa8 37. d7 Rxg3+ 38. hxg3 f5 39. c8=Q Qxc8 40. dxc8=Q 1-0

[Event "32.Schlosspark-Open"]
[Site "Wiesbaden-Biebrich"]
[Date "2024.08.22"]
[Round "1.80"]
[White "Schmieder, Stefan"]
[Black "Senger, Raphaela"]
[Result "1-0"]
[WhiteElo "1914"]
[BlackElo "1547"]
[PlyCount "63"]
[EventDate "2024.08.22"]
[WhiteTeam "SC Steinbach"]
[BlackTeam "SF Fortuna Leipzig e."]

1. e4 d5 2. exd5 Nf6 3. d4 Nxd5 4. c4 Nf6 5. Nf3 c5 6. Nc3 cxd4 7. Qxd4 Qxd4 8. Nxd4 e5 9. Ndb5 Na6 10. g3 Bc5 11. Bg2 O-O 12. O-O Be6 13. Bxb7 Bxc4 14. Bxa6 Bxf1 15. Kxf1 Ng4 16. Ne4 Bb6 17. h3 f5 18. hxg4 fxe4 19. f4 e3 20. f5 g6 21. Ke2 Rad8 22. Bxe3 Bxe3 23. Kxe3 gxf5 24. gxf5 Rxf5 25. Nc3 Rd4 26. a3 Kg7 27. Rc1 Rg5 28. Ne4 Rg4 29. Rc7+ Kg6 30. Bd3 h5 31. Nf2+ Rge4+ 32. Bxe4+ 1-0

[Event "32.Schlosspark-Open"]
[Site "Wiesbaden-Biebrich"]
[Date "2024.08.22"]
[Round "1.82"]
[White "Stehning, Ralf"]
[Black "Hafner, Hans-Peter"]
[Result "1-0"]
[WhiteElo "1912"]
[BlackElo "1470"]
[PlyCount "39"]
[EventDate "2024.08.22"]
[WhiteTeam "SF Braunfels"]
[BlackTeam "Sfr.Mainz 1928"]

1. e4 c6 2. Nc3 d5 3. Nf3 d4 4. Ne2 c5 5. d3 Bg4 6. Ng3 Nc6 7. h3 Bxf3 8. gxf3 e5 9. f4 Bd6 10. Qg4 Qf6 11. Nh5 Qh6 12. f5 g5 13. Bxg5 Qf8 14. f6 h6 15. Bh4 Nb4 16. Kd2 b5 17. a3 Nc6 18. Rg1 Kd8 19. Qg7 Qxg7 20. fxg7+ 1-0